| 000 | 00876nam a2200241 a 4500 | ||
|---|---|---|---|
| 001 | 48671 | ||
| 003 | BD-RjUL | ||
| 005 | 20211209054551.0 | ||
| 008 | 160816s1955 ii ||||| |||| 00| 0 ben d | ||
| 020 | _c: IRs 3.00 | ||
| 035 | _a(BD-RjUL)48790 | ||
| 040 |
_aBD-RjUL _bben _cBD-RjUL |
||
| 041 | _aben | ||
| 082 |
_223 _a891.443 _bSEE 1955 |
||
| 100 |
_aসেনগুপ্ত, অচিন্ত্য কুমার _9146925 |
||
| 245 | 1 | 0 |
_aইন্দ্রানী / _cঅচিন্ত্য কুমার সেনগুপ্ত |
| 250 | _aনতুন সং. | ||
| 260 |
_aকলিকাতা : _bসিগনেট প্রেস; _c১৯৫৫ [১৩৬২] |
||
| 300 |
_a১৭৪ পৃ. ; _c১৭ সেমি. |
||
| 650 |
_aবাংলা উপন্যাস _9146937 |
||
| 650 |
_aBengali Fiction _9146938 |
||
| 942 |
_2ddc _cBK |
||
| 999 |
_c48671 _d48671 |
||